The death of God controversy / (Record no. 4923)

MARC details
000 -LEADER
fixed length control field 00687cam a22002411a 4500
001 - CONTROL NUMBER
control field 0000005135
005 - DATE AND TIME OF LATEST TRANSACTION
control field 20140825164224.0
008 - FIXED-LENGTH DATA ELEMENTS--GENERAL INFORMATION
fixed length control field 820826s1966 tnu 000 0 eng d
035 ## - SYSTEM CONTROL NUMBER
System control number rgt65458844
040 ## - CATALOGING SOURCE
Transcribing agency PUL
046 ## - SPECIAL CODED DATES
Type of date code LC
050 ## - LIBRARY OF CONGRESS CALL NUMBER
Classification number BT83.5
Item number .O4 1966
100 10 - MAIN ENTRY--PERSONAL NAME
Personal name Ogletree, Thomas W.
245 14 - TITLE STATEMENT
Title The death of God controversy /
Statement of responsibility, etc Thomas W. Ogletree. --.
260 00 - PUBLICATION, DISTRIBUTION, ETC. (IMPRINT)
Place of publication, distribution, etc Nashville, Tenn. :
Name of publisher, distributor, etc Abington,
Date of publication, distribution, etc 1966.
300 ## - PHYSICAL DESCRIPTION
Extent 127 p. ;
Dimensions 21 cm.
504 ## - BIBLIOGRAPHY, ETC. NOTE
Bibliography, etc Bibliography: p. 123-127.
600 14 - SUBJECT ADDED ENTRY--PERSONAL NAME
Personal name Altizer, Thomas J. J.
600 14 - SUBJECT ADDED ENTRY--PERSONAL NAME
Personal name Hamilton, William,
Dates associated with a name 1924-.
600 14 - SUBJECT ADDED ENTRY--PERSONAL NAME
Personal name Van Buren, Paul Matthews,
Dates associated with a name 1924-.
650 #0 - SUBJECT ADDED ENTRY--TOPICAL TERM
Topical term or geographic name as entry element Death of God theology.
908 ## - PUT COMMAND PARAMETER (RLIN)
Put command parameter 050607
Holdings
Withdrawn status Lost status Source of classification or shelving scheme Damaged status Not for loan Home library Current library Date acquired Source of acquisition Total Checkouts Full call number Barcode Date last seen Price effective from Koha item type
    Library of Congress Classification     Presbyterian University of East Africa - Main Library Presbyterian University of East Africa - Main Library 26/12/2012 Donation   BT83.5 .O4 1966 020010005129 26/12/2012 26/12/2012 General circulation books
© Customized & Maintained by Eunice Ngesa